El territorio como poder y potencia Relatos del piedemonte araucano /

Detalles Bibliográficos
Autor principal: Moncayo Santacruz, Juan Eduardo
Formato: eBook
Lenguaje:español
Publicado: Bogot:̀ Pontificia Universidad Javeriana, 2017
Materias:
Acceso en línea:Acceso restringido

MARC

LEADER 00000nam a22000007a 4500
005 20201211232254.0
007 cr|||| ||||
008 201211s2017 co |||||s|||| 00||0 spa d
020 |a 978-958-781-070-7 
035 |a 32367 
040 |a vLex 
090 |c 10949  |d 10949 
100 1 |a Moncayo Santacruz, Juan Eduardo 
245 1 2 |a El territorio como poder y potencia  |h [Recurso electrn̤ico] :  |b Relatos del piedemonte araucano /  |c Juan Eduardo Moncayo Santacruz 
256 |a Servicio en ln̕ea 
260 |a Bogot:̀  |b Pontificia Universidad Javeriana,  |c 2017 
300 |a 1 recurso electrn̤ico 
500 |a El territorio como poder y potencia- reflexiona sobre la creacin̤ colectiva de modos alternativos de vida en la regin̤ del Sarare en Arauca, Colombia, entre 1991 y 2006. Este libro muestra que los territorios rurales colombianos se configuran en el conflicto entre modelos dominantes y procesos de autodeterminacin̤; que la lucha por la superacin̤ del conflicto moderno exige, adems̀ de activismo polt̕ico, abrirse a las transformaciones personales y colectivas; as ̕como que hay que comprender que las fronteras custodiadas por el poder no son el n︢ico territorio. 
506 1 |a Disponible solo en los productos indicados  |d vLex Global  |d vLex Global (Academic Edition, excluding Law Schools)  |d vLex Global (U.S. Academic Edition, Law Schools)  |d vLex Global (U.S. Academic Edition, excluding Law Schools)  |d vLex Global (Academic Edition, Law Schools) 
650 0 4 |a Ciencias sociales  |z Colombia 
650 0 4 |a Sociologa̕  |z Colombia 
650 0 4 |a Filosofa̕ y religin̤  |z Colombia 
650 0 4 |a Humanidades  |z Colombia 
740 0 |a vLex Libros (Servicio en ln̕ea) 
856 4 0 |u http://vlex.com/source/territorio-como-poder-y-potencia-relatos-del-piedemonte-araucano-32367  |z Acceso restringido 
942 |c BOOK 
999 0 |a Social Sciences 
999 0 |a Sociology 
999 0 |a Philosophy and religion 
999 0 |a Humanities